000 00988nam a2200241Ia 4500
001 891-FAR di po (17450)
003 IT-MiSPE
008 171229s9999||||xx |||||||||||||| ||und||
040 _aIT-MiSPE
_cIT-MiSPE
041 _aITALIANO
100 _aFarid al-Din 'Attar
240 _aIlahi-Nama
245 0 _aIl Poema celeste
250 _a1a ed. (v)
260 _aMilano
_bRizzoli
_c1990
300 _a480 p.
_c18 cm
490 _aBUR
_v L774
501 _aEdizioni San Paolo srl - Piazza Soncino, 5 - 20092 CINISELLO BALSAMO (MI) (non commercial uses only) ® Copyright 2018
700 _aMaria Teresa Granata
942 _cBK
957 _71
999 _a3834
_bNO
_g Copie: 1
_c355351
_d355351